Jenis ayat dan ragam ayat

Bibliographic Details
Main Author: Wan Zaharah
Other Authors: Azizul Harun B.A. Hons (UKM)
Format: Book
Published: Kuala Lumpur : Fargoes Sdn. Bhd. , 2017
Series:Siri kamus cerdik KSSR
Subjects:

MARC

LEADER 00000cam a2200000 7i4500
001 0000075745
005 20220105105424.0
008 171010
020 |a 9789674594572 
041 0 |a Malay 
090 0 0 |a JF   |b EDU MAL 
100 0 |a Wan Zaharah 
245 1 0 |a Jenis ayat dan ragam ayat   |c Wan Zaharah B.A. Hons (UKM), Azizul Harun B.A. Hons (UKM) 
260 |a Kuala Lumpur :   |b Fargoes Sdn. Bhd. ,   |c 2017 
300 |a 64p. :   |b ill. ;   |c 21cm. 
490 1 |a Siri kamus cerdik KSSR 
500 |a Children ages 7-9 years old (orange) 
541 0 0 |c Purchased on 2017 
650 0 |a Malay language   |x grammar 
650 0 |a Malay language   |x sentences 
700 0 |a Azizul Harun B.A. Hons (UKM) 
999 |a 0001475177   |b Book   |c Children Collection   |e Cawangan Bandar Penawar 
999 |a 0001475178   |b Book   |c Children Collection   |e Cawangan Sri Merlong 
999 |a 0001475179   |b Book   |c Children Collection   |e Cawangan Taman Sri Lambak 
999 |a 0001475180   |b Book   |c Children Collection   |e Cawangan Segamat 
999 |a 0001475181   |b Book   |c Children Collection   |e Cawangan Bukit Gambir 
999 |a 0001475182   |b Book   |c Children Collection   |e Cawangan Kota Tinggi 
999 |a 0001475183   |b Book   |c Teenagers   |e Cawangan Bandar Tenggara 
999 |a 0001475184   |b Book   |c Children Collection   |e Cawangan Taman Universiti 
999 |a 0001475185   |b Book   |c Children Collection   |e Cawangan Mersing 
999 |a 0001475187   |b Book   |c Children Collection   |e Cawangan Tmn. Ungku Tun Aminah 
999 |a 0001475188   |b Book   |c Children Collection   |e Cawangan Batu Pahat 
999 |a 0001475189   |b Book   |c Children Collection   |e Cawangan Muar 
999 |a 0001476329   |b Book   |c Children Collection   |e Perbadanan Perpustakaan Awam Johor 
999 |a 0001476330   |b Book   |c Children Collection   |e Cawangan Urban Transformation Centre 
999 |a 0001476331   |b Book   |c Children Collection   |e Cawangan AEON Kulaijaya